000 00344nam a2200133Ia 4500
008 210210b1970 xxu||||| |||| 00| 0 eng d
082 _a320 MAHP
100 _aMAHAJAN (Vidya Dhar).
245 _aPrinciples of political science.
260 _aDelhi
_bS. Chand & Co. Ltd.
_c1970
300 _a417
690 _aPolitical Theory
906 _a028200
999 _c79454
_d79454